Geography Quiz

Random Geography or City Quiz

City by Landmark Quiz Stats

 Plays Quiz Updated Aug 31, 2014

Support Sporcle.
Go Orange.
Score 0/25 Timer 05:00
7 Plays Today
% Correct
New York
95.5%
San Francisco
94.5%
Washington, D.C.
92.6%
Giza
91.5%
Paris
91.2%
Athens
90.5%
St. Louis
76.8%
Agra
75.8%
Chicago
75.7%
Berlin
75.6%
Vatican City
72.2%
St. Petersburg
71.6%
Beijing
71.3%
% Correct
Mecca
66.6%
Kuala Lumpur
66.4%
Cape Town
65.8%
Istanbul
65.3%
London
63.1%
Edinburgh
62.5%
Shanghai
61.7%
Jerusalem
60.4%
Kyoto
58.5%
Munich
56.5%
Vienna
50.5%
Venice
47.1%

You're not logged in!

Compare scores with friends on all Sporcle quizzes.
OR
Log In

From the Vault

Paint Europe!

by bhenderson79

No art skills required. Geography knowledge will be all you need to create a beautiful map.
Remove Ads.
Support Sporcle.
Get the best of Sporcle when you Go Orange. This ad-free experience offers more features, more stats, and more fun while also helping to support Sporcle. Thank you for becoming a member.

Show Comments

Extras

Top Quizzes Today


Score Distribution

Your Account Isn't Verified!

In order to create a playlist on Sporcle, you need to verify the email address you used during registration. Go to your Sporcle Settings to finish the process.

Report this User

Report this user for behavior that violates our Community Guidelines.

Details: